00676nam a22001937a 450000500170000001000150001702000260003203500130005803700130007108200080008410000210009224500540011326000470016727000650021430000310027994200220031099900170033295201330034920140320111627.0 aENG-109295 a9788172543402c200.00 aEN-92828 bDBAD/PUB a000 aSubburaj, V.V.K. aSura's RBI assistants' exam /cby V.V.K. Subburaj aChennaibSura College of Competitionc2013 a1620, 'J' Block, 16th Main Road, Anna NagarbChennaie600040 avaroius pagingsc22cm(pbk) 2ddccENmSUBh000 c82498d82498 001040718NFICaDBADbDBADd2014-02-13eDBAD/PUBg200.00l0o000 SUBpEN-92828r2014-02-13 00:00:00t1v200.00w2014-02-13yEN